| 000 | 00741nam a22001931i 4500 | ||
|---|---|---|---|
| 001 | 000030500 | ||
| 003 | RuMoIPM | ||
| 005 | 20260506125853.0 | ||
| 008 | 130430s1967----ur | c rus | ||
| 040 |
_aRuMoIPM _brus _ercr |
||
| 041 | 0 | _arus | |
| 044 | _aru | ||
| 080 | _a51(075) | ||
| 245 | 1 |
_aСборник задач по высшей математике _b[Для экон. специальностей вузов] _c[Н. Я. Семигин, А. И. Карасев, М. С. Лебедева и др.] : Под ред. Э. С. Марковича |
|
| 260 |
_aМосква _bВысшая школа _c1967 |
||
| 300 |
_a230 с. _bчерт. |
||
| 700 | 1 |
_aМаркович, Эммануил Соломонович _eред. |
|
| 942 | _cBK | ||
| 999 |
_c30500 _d30500 |
||